Sociálna ekonomika ako nástroj riešenia nezamestnanosti v Slovenskej republike

Nezamestnanosť v kontexte globálneho ekonomického vývoja. Rozvoj sociálneho podnikania pracovnej integrácie v Slovenskej republike.

Salvato in:
Dettagli Bibliografici
Autore principale: Rievajová, Eva
Altri autori: Pongráczová, Eva, 1971-
Natura: Capitolo di libro
Lingua:slovacco
Soggetti:
Tags: Aggiungi Tag
Nessun Tag, puoi essere il primo ad aggiungerne!!

MARC

LEADER 00000naa a2200000 4500
001 0150067
005 20240502072711.4
041 0 |a slo 
044 |a SK 
245 1 0 |a Sociálna ekonomika ako nástroj riešenia nezamestnanosti v Slovenskej republike  |c Eva Rievajová, Eva Pongráczová 
520 |a Nezamestnanosť v kontexte globálneho ekonomického vývoja. Rozvoj sociálneho podnikania pracovnej integrácie v Slovenskej republike. 
610 2 0 |a ekonomika sociálna 
610 2 0 |a porovnanie medzinárodné 
610 2 0 |a miera nezamestnanosti 
610 2 0 |a Európska únia 
610 2 0 |a Slovensko 
610 2 0 |a kríza hospodárska 
610 2 0 |a nezamestnanosť 
610 2 0 |a trh práce 
100 1 |a Rievajová, Eva 
700 1 |a Pongráczová, Eva, 1971-